| 000 -LEADER |
| fixed length control field |
01569nam a2200265Ia 4500 |
| 001 - CONTROL NUMBER |
| control field |
10671 |
| 003 - CONTROL NUMBER IDENTIFIER |
| control field |
GE_BSU |
| 008 - FIXED-LENGTH DATA ELEMENTS--GENERAL INFORMATION |
| fixed length control field |
181216s||||||||xx |||||||||||||| ||und|| |
| 020 ## - INTERNATIONAL STANDARD BOOK NUMBER |
| International Standard Book Number |
9789994059126 |
| 040 ## - CATALOGING SOURCE |
| Transcribing agency |
GE_BSU |
| 080 ## - UNIVERSAL DECIMAL CLASSIFICATION NUMBER |
| Universal Decimal Classification number |
070(479.22)(092) |
| 100 ## - MAIN ENTRY--PERSONAL NAME |
| Personal name |
ასლანიშვილი–ბავრელი,სოლომონ |
| 245 ## - TITLE STATEMENT |
| Title |
წერილები "ოსმალოს საქართველოზე |
| 245 ## - TITLE STATEMENT |
| Remainder of title |
სამხრ.კავკასიისა და ანატოლიის კვლევ.ცენტრი.(სამხრეთ კავკასია და ანატოლია) |
| 245 ## - TITLE STATEMENT |
| Statement of responsibility, etc. |
ტექსტი გამოსაც.მოამზ.,შესავ.წერილი შენ.და საძ.დაურთეს ლელა ქურდაძემ და გოჩა საითიძემ.რედ.როინ მეტრეველი |
| 260 ## - PUBLICATION, DISTRIBUTION, ETC. |
| Place of publication, distribution, etc. |
თბილისი |
| 260 ## - PUBLICATION, DISTRIBUTION, ETC. |
| Name of publisher, distributor, etc. |
არტანუჯი |
| 260 ## - PUBLICATION, DISTRIBUTION, ETC. |
| Date of publication, distribution, etc. |
2008 |
| 300 ## - PHYSICAL DESCRIPTION |
| Extent |
226გვ,20სმ. |
| 520 ## - SUMMARY, ETC. |
| Summary, etc. |
გარეკანის პირველ გვერდზე:თურქეთი. ხანძთის მონასტერი სოფ.ფორთასთან.ბუბა კუდავას ფოტო |
| 653 ## - INDEX TERM--UNCONTROLLED |
| Uncontrolled term |
ქართველები თურქეთში |
| 653 ## - INDEX TERM--UNCONTROLLED |
| Uncontrolled term |
ქართველი ჟურნალისტები; საქართველოს ისტორია; |
| 942 ## - ADDED ENTRY ELEMENTS (KOHA) |
| Koha item type |
წიგნი |